Statistics for Φαγητά που αρχίζουν από Μ #1 (με εικόνες)

Click here to take the quiz!

General Stats

  • This quiz has been taken 197 times
    (193 since last reset)
  • The average score is 15 of 17

Answer Stats

Answer% Correct
Μακαρόν
99%
Μπανάνα
98%
Μέλι
98%
Μακαρόνια
98%
Μύδια
97%
Μανιτάρι
97%
Μήλο
96%
Μουσακάς
96%
Μπακλαβάς
93%
Μαϊντανός
92%
Μπάμιες
91%
Μάφιν
88%
Μαγιονέζα
82%
Μαργαρίτα
78%
Μοσχοκάρυδο
61%
Μέντα
61%
Μασκαρπόνε
57%

Score Distribution

Percentile by Number Answered

Percent of People with Each Score

Your Score History

You have not taken this quiz since the last reset